000 00979nac a22002897a 4500
001 BR0203587
003 BR-BrBNA
005 20240105122700.0
008 230509b bl.|||m| |||| 00| 0 por d
040 _aBR-BrBNA
_bpor
_cBiblioteca Nacional de Agricultura
072 _aE14; D10
090 _aE14 BR0203587
100 1 _aFranz, P.R.F.
100 1 _aSilva, J.P. da
100 1 _aBorges, J.R.A.
110 1 _aEmpresa Brasileira de Pesquisa Agropecuária, Brasília, DF (Brasil). Secretaria de Administração Estratégica
_93863
245 1 _aRelatório de Gestão 2000. Secretaria de Administração Estratégica
260 3 _aBrasília, DF (Brasil):
_c2001.
300 _a22 p.
490 _aDocumentos - EMBRAPA. SEA (Brazil)
_vno. 1
_xISSN 0104-9046
650 _aDESENVOLVIMENTO AGRÍCOLA
650 _aADMINISTRAÇÃO
650 _aINSTITUIÇÃO AGRÍCOLA
650 _aGESTÃO
909 _a202312
_bLúcia Elande
_c55
_dLúcia Elande
942 _2AGRIS
_n0
_cMS
999 _c292298
_d292298